书目信息 |
| 题名: |
中国大学生数学建模竞赛
|
|
| 作者: | 李大潜 主编 | |
| 分册: | ||
| 出版信息: | 北京 高等教育出版社 2001.12 |
|
| 页数: | 390页 | |
| 开本: | 20cm | |
| 丛书名: | ||
| 单 册: | ||
| 中图分类: | O141.4-53 | |
| 科图分类: | ||
| 主题词: | 数理逻辑 , 数学基础 | |
| 电子资源: | ||
| ISBN: | 7-04-010419-9 | |
| 000 | 00620nam0 2200217 45 | |
| 001 | 0333876890 | |
| 005 | 2003061609243689 | |
| 010 | @a7-04-010419-9@dRMB 19.10 | |
| 100 | @a20030616d2001 km y0chiy0120 ea | |
| 101 | 0 | @achi |
| 102 | @aCN@b110000 | |
| 200 | 1 | @a中国大学生数学建模竞赛@AZhong Guo Da Xue Sheng Shu Xue Jian Mo Jing Sai@f李大潜主编@Fli da qian zhu bian |
| 205 | @a2版 | |
| 210 | @a北京@c高等教育出版社@d2001.12 | |
| 215 | @a390页@d20cm | |
| 606 | 0 | @a数理逻辑 |
| 606 | 0 | @a数学基础 |
| 690 | @aO141.4-53@v4 | |
| 701 | 0 | @a李大潜@Ali da qian@4主编 |
| 801 | 0 | @aCN@bPFT@c20030616 |
| 905 | @dO141.4-53@eL140 | |
| 中国大学生数学建模竞赛/李大潜主编.-2版.-北京:高等教育出版社,2001.12 |
| 390页;20cm |
| ISBN 7-04-010419-9:RMB 19.10 |
| ● |
| 相关链接 |
|
|
|
正题名:中国大学生数学建模竞赛
索取号:O141.4-53/L140
 
预约/预借
| 序号 | 登录号 | 条形码 | 馆藏地/架位号 | 状态 | 备注 |
| 1 | 370580 | 203705801 | 数理学院资料室/ [索取号:O141.4-53/L140] | 在馆 | |
| 2 | 370581 | 203705810 | 自科库401/401自科库 40排4列1层/ [索取号:O141.4-53/L140] | 在馆 | |
| 3 | 370582 | 203705829 | 自科库401/401自科库 40排4列1层/ [索取号:O141.4-53/L140] | 在馆 |